UM Logo

Elementary linear algebra / (Record no. 14507)

MARC details
000 -LEADER
fixed length control field 01119cam a2200313 i 4500
001 - CONTROL NUMBER
control field 18659982
005 - DATE AND TIME OF LATEST TRANSACTION
control field 20191001090312.0
008 - FIXED-LENGTH DATA ELEMENTS--GENERAL INFORMATION
fixed length control field 150615t20172017maua 001 0 eng c
010 ## - LIBRARY OF CONGRESS CONTROL NUMBER
LC control number 2015944033
020 ## - INTERNATIONAL STANDARD BOOK NUMBER
International Standard Book Number 978-1-305-65800-4 (student edition)
035 ## - SYSTEM CONTROL NUMBER
System control number (OCoLC)ocn914290751
040 ## - CATALOGING SOURCE
Original cataloging agency YDXCP
Language of cataloging eng
Transcribing agency YDXCP
Description conventions rda
Modifying agency BTCTA
-- OCLCQ
-- UPM
-- OCLCF
-- DLC
042 ## - AUTHENTICATION CODE
Authentication code pcc
050 00 - LIBRARY OF CONGRESS CALL NUMBER
Classification number QA184.2
Item number .L39 2017
082 00 - DEWEY DECIMAL CLASSIFICATION NUMBER
Classification number DC 512.5
Edition number 2017
Item number L329
100 1# - MAIN ENTRY--PERSONAL NAME
Personal name Larson, Ron,
Dates associated with a name 1941-
Relator term author.
9 (RLIN) 22877
245 10 - TITLE STATEMENT
Title Elementary linear algebra /
Statement of responsibility, etc. Ron Larson, The Pennsylvania State University, The Behrend College.
250 ## - EDITION STATEMENT
Edition statement Eighth edition; student edition.
260 ## - PUBLICATION, DISTRIBUTION, ETC. (IMPRINT)
Place of publication, distribution, etc. Boston, MA :
Name of publisher, distributor, etc. Cengage Learning,
Date of publication, distribution, etc. ©2017.
300 ## - PHYSICAL DESCRIPTION
Extent xiv, 398, 47 pages :
Other physical details illustrations (some color) ;
Dimensions 29 cm
500 ## - GENERAL NOTE
General note Includes index.
650 #0 - SUBJECT ADDED ENTRY--TOPICAL TERM
Topical term or geographic name as entry element Algebras, Linear.
9 (RLIN) 22521
650 #7 - SUBJECT ADDED ENTRY--TOPICAL TERM
Topical term or geographic name as entry element Algebras, Linear.
Source of heading or term fast
9 (RLIN) 22521
365 ## - TRADE PRICE
Price amount 10,860.00
Currency code Php
906 ## - LOCAL DATA ELEMENT F, LDF (RLIN)
a 7
b cbc
c pccadap
d 2
e ncip
f 20
g y-gencatlg
942 ## - ADDED ENTRY ELEMENTS (KOHA)
Source of classification or shelving scheme Dewey Decimal Classification
Koha item type Circulation
Holdings
Withdrawn status Lost status Source of classification or shelving scheme Damaged status Not for loan Collection code Home library Current library Date acquired Source of acquisition Cost, normal purchase price Total Checkouts Full call number Barcode Date last seen Copy number Price effective from Koha item type
    Dewey Decimal Classification     Circulation UM Digos College - LIC UM Digos College - LIC 08/08/2019 Purchased 10860.00   DC 512.5 L329 2017 25716 05/15/2025 1 10/01/2019 Circulation